Szczegóły MARC21

ROZWÓJ gospodarki rynkowej a rachunkowość w XXI wieku : wybrane zagadnienia /

005 -DATA I CZAS OSTATNIEJ MODYFIKACJI [,]
    • @
    • pole kontrolne
    • 20070315155141.9
040 -Instytucja sporządzająca opis [ , ]
    • a
    • Instytucja, która sporządziła opis (NP)
    • SZCZ U
    • c
    • Instytucja, która sporządziła rekord (NP)
    • SZCZ U
041 -Język dokumentu [0, ]
    • a
    • Język tekstu (P)
    • polski
    • h
    • Język tekstu oryginalnego i/lub pośredniego (P)
    • polski
942 -Rodzaj dokumentu [ , ]
    • c
    • Rodzaj dokumentu
    • Książka
245 -Strefa tytułu i oznaczenia odpowiedzialności [0, ]
    • a
    • Tytuł
    • ROZWÓJ gospodarki rynkowej a rachunkowość w XXI wieku : Find
    • b
    • Ciąg dalszy tytułu (NP)
    • wybrane zagadnienia / Find
    • c
    • Pozostałe elementy strefy tytułu i oznaczenia odpowiedzialności (NP)
    • red. Irena Sobańska, Anna Szychta.
260 -Strefa adresu wydawniczego [ , ]
    • a
    • Miejsce wydania (P)
    • Łódź :
    • b
    • Nazwa wydawcy (P)
    • UŁ,
    • c
    • Data wydania (P)
    • 2002.
300 -Strefa opisu fizycznego [ , ]
    • a
    • Określenie formy książki i/lub objętość (NP)
    • 222 :
    • c
    • Format (NP)
    • 24 cm.
490 -Strefa serii i książki wielotomowej - forma nie do wyszukiwania [0, ]
    • z
    • Numer rekordu powiązanego
    • 119356
    • a
    • Tytuł (P)
    • (Acta Universitatis Lodziensis = Zeszyty Naukowe UŁ. FOLIA Oeconomica ; Find
    • y
    • Zob. egzemplarze
    • 185
    • x
    • ISSN (NP)
    • 0208-6018)
    • v
    • Numeracja (P)
    • 159,
500 -Uwaga ogólna [ , ]
    • a
    • Uwaga ogólna (NP)
    • Summ
080 -Uniwersalna Klasyfikacja Dziesiętna [ , ]
    • a
    • Symbol klasyfikacji
    • 334.012.23(438)"20"
080 -Uniwersalna Klasyfikacja Dziesiętna [ , ]
    • a
    • Symbol klasyfikacji
    • :657(438)"20"
980 -Symbol UKD [ , ]
    • a
    • UKD
    • 334.012.23:657](438)"20"
700 -Hasło dodatkowe - nazwa osobowa [ , ]
    • a
    • Nazwa osobowa (NP)
    • Sobańska Irena Find
700 -Hasło dodatkowe - nazwa osobowa [ , ]
    • a
    • Nazwa osobowa (NP)
    • Szychta Anna Find
Numer inwentarzowy Sygnatura Powiązanie z serią Status udost. Numer tomu Lokalizacja Data inwentaryzacji
Tc.1374Tc.346185-11159Tc2004-02-02